000 00975nam a22002897a 4500
001 5508
003 FISKH
005 20241213124740.0
008 241213b cb ||||| |||| 00| 0 eng d
020 _a0590569309
040 _aFISKH
_beng
_cFISKH
_dFISKH
050 _aPZ8.O813
082 _a398.22
100 _aOsborne, Mary Pope
245 _aAmerican tall tales /
_cby Mary Pope Osborne : Wood engravings by Michael McCurdy
260 _aNew York :
_bScholastic ;
_c1991.
300 _a113 pages :
_bcolor illustrations ;
_c28 cm .
505 _aZ
520 _aA collection of tall tales about such American folk heroes as Sally Ann Thunder Ann Whirlwind, Pecos Bill, John Henry, and Paul Bunyan.
521 8 _a970
_bLexile
521 8 _aZ
_bRaz-Plus
650 _aAmerican history
_vJuvenile literature
650 _aDavy Crockett
_vJuvenile literature
700 _aMcCurdy, Michael
_eillustrator
942 _2ddc
_cBK
_n0
999 _c5508
_d5508